Banderas de Emojis - Estadísticas

Estadísticas generales
  • Esta prueba ha sido intentada 4.092 veces
  • La puntuación promedio es 24 de 28
Estadísticas de respuestas
Bandera Tipo Respuesta % Correcto
País Argentina
100%
País Francia
100%
País Canadá
99%
País España
99%
País Estados Unidos
99%
Capital París
98%
Capital Buenos Aires
97%
País Irlanda
97%
Capital Madrid
97%
País Polonia
97%
País Croacia
95%
País Dinamarca
94%
País Marruecos
94%
Capital Washington D.C.
94%
País Vietnam
89%
Capital Dublin
88%
País Bulgaria
87%
Capital Ottawa
87%
País Kenia
86%
País Malasia
85%
Capital Varsovia
82%
Capital Sofía
77%
Capital Zagreb
77%
Capital Copenhague
76%
Capital Rabat
68%
Capital Nairobi
61%
Capital Kuala Lumpur
57%
Capital Hanói
55%
No se encontraron pruebas coincidentes
Distribución de puntuación
Porcentaje de gente con cada puntuación
Porcentaje por número respondido
Historial de tus puntuaciones
No has intentado esta prueba.